Por qué despreciamos el agro? : (Record no. 2015)

MARC details
000 -LEADER
fixed length control field 00837nam a22002657a 4500
003 - CONTROL NUMBER IDENTIFIER
control field AR-CdUBM
005 - DATE AND TIME OF LATEST TRANSACTION
control field 20140505144215.0
008 - FIXED-LENGTH DATA ELEMENTS--GENERAL INFORMATION
fixed length control field 110912s2008 ag ||||| |||| 00| 0 spa d
020 ## - INTERNATIONAL STANDARD BOOK NUMBER
International Standard Book Number 9789500204439
040 ## - CATALOGING SOURCE
Original cataloging agency AR-CdUBM
Transcribing agency AR-CdUBM
082 ## - DEWEY DECIMAL CLASSIFICATION NUMBER
Edition number 330.982
100 1# - MAIN ENTRY--PERSONAL NAME
9 (RLIN) 29443
Personal name Alvarado Ledesma, Manuel,
Dates associated with a name 1952-
245 10 - TITLE STATEMENT
Title Por qué despreciamos el agro? :
Remainder of title historia de un conflicto /
Statement of responsibility, etc Manuel Alvarado Ledesma.
250 ## - EDITION STATEMENT
Edition statement 1a. ed.
260 ## - PUBLICATION, DISTRIBUTION, ETC. (IMPRINT)
Place of publication, distribution, etc Buenos Aires :
Name of publisher, distributor, etc El Ateneo,
Date of publication, distribution, etc 2008.
300 ## - PHYSICAL DESCRIPTION
Extent 255 p. ;
Dimensions 23 cm.
490 0# - SERIES STATEMENT
Series statement Colección Camimos de la Argentina
590 ## - LOCAL NOTE (RLIN)
Local note Proyecto Pasiones Políticas (2001-)
650 #4 - SUBJECT ADDED ENTRY--TOPICAL TERM
9 (RLIN) 19404
Topical term or geographic name as entry element HISTORIA POLITICA ARGENTINA
650 #4 - SUBJECT ADDED ENTRY--TOPICAL TERM
9 (RLIN) 5256
Topical term or geographic name as entry element CONFLICTOS
650 #4 - SUBJECT ADDED ENTRY--TOPICAL TERM
9 (RLIN) 23263
Topical term or geographic name as entry element PRODUCCION AGROPECUARIA
651 #4 - SUBJECT ADDED ENTRY--GEOGRAPHIC NAME
9 (RLIN) 3470
Geographic name ARGENTINA
942 ## - ADDED ENTRY ELEMENTS (KOHA)
Item type Libro, folleto, traducción
Source of classification or shelving scheme Dewey Decimal Classification
945 ## - LOCAL PROCESSING INFORMATION (OCLC)
a mag
d 2011-09-12
Holdings
Withdrawn status Lost status Source of classification or shelving scheme Damaged status Not for loan Home library Current library Date acquired Total Checkouts Full call number Barcode Date last seen Date last borrowed Price effective from Koha item type
    Dewey Decimal Classification     Biblioteca Central Biblioteca Central 05/05/2014 1 330.982 ALV UNAJ14050716 17/03/2025 09/06/2023 05/05/2014 Libro, folleto, traducción

Lunes a Viernes 8:30 a 19:00 hs. Cerrado por mudanza
Av.Calchaqui 6200 Florencio Varela (CP188) 2°piso Edificio Mosconi Aula 209-210
Mail: bibliotecacentralunaj@gmail.com  
Whatsapp(54 9)1122668024    ❔Pregunte a la bibliotecaria
© Universidad Nacional Arturo Jauretche | Secretaría Académica | Biblioteca Central UNAJ